Código procesal penal de la Nación y procesal penal Federal /
Guardado en:
| Formato: | Libro |
|---|---|
| Idioma: | Undetermined |
| Publicado: |
Ciudad Autónoma de Buenos Aires :
Erreius,
2024.
|
| Edición: | 1a. ed. |
| Materias: | |
| Etiquetas: |
Agregar Etiqueta
Sin Etiquetas, Sea el primero en etiquetar este registro!
|
| LEADER | 00508nam a22001575a 4500 | ||
|---|---|---|---|
| 001 | DER.der015034 | ||
| 008 | 240913s2024####xx############000#0#und#d | ||
| 005 | 20241004132505.0 | ||
| 245 | 1 | 0 | |a Código procesal penal de la Nación y procesal penal Federal / |c Argentina. |
| 250 | |a 1a. ed. | ||
| 260 | |a Ciudad Autónoma de Buenos Aires : |b Erreius, |c 2024. | ||
| 300 | |a 363 p. | ||
| 020 | |a 9789877934601 | ||
| 240 | 1 | 0 | |a Argentina - Códigos |
| 650 | 7 | |a DERECHO PROCESAL PENAL | |
| 859 | |a DERECHO |b BIB. DERECHO |h 348.023 |i ARG |p 0010494 | ||
